1068 1662 1620 1509 1093 1212 1350 1863 1357 1043 1401 1071 1529 1888 1155 1805 1506 1117 1526 1690 1283 1203 1088 1539 1656 1826 1793 1232 1696 1162 1470 1074 1434 1101 1818 1579 1694 1734 1849 1228 1857 1561 1952 1971 1913 1499 1101 1358 1765 1495 1252 1684 1857 1728 1692 1208 1010 1197 1563 1611 1301 1859 1684 1938 1678 1031 1507 1875 1133 1068 1559 1373 1046 1532 1738 1085 1252 1441 1160 1384 1813 1768 1131 1683 1244 1090 1028 1373 1032 1684 1047 1809 1713 1235 1630 1712 1035 1762 1121 BCNSPRNW ULIB Ver.6.0+V

เปลี่ยนเป็นภาษาไทย

Change to English
 แสดงรายละเอียดบรรณานุกรม
  กลับหน้าหลัก

Brief Record : Get Marc (ISO 2709) : E-mail record : QR code < ปิดหน้าต่าง
LEADER : 00000nam 2200000uu 4500
001    13399123554
003     ULIB
008    141008s2556||||th 000 0 tha d
020    ^a9789740331742
060  4 ^aWY157^bส827ก
100    ^aสุพร แก้วศิริวรรณ
245    ^aการพยาบาลในระยะตั้งครรภ์/^cสุพร แก้วศิริวรรณ
250    ^aพิมพ์ครั้งที่ 1
260    ^aกรุงเทพฯ :^bจุฬาลงกรณ์มหาวิทยาลัย,^c2556
300    ^a216 หน้า
505 0  ^aสรีรวิทยาการตั้งครรภ์ : การปฏิสนธิ การเจริญเติบโตและพัฒนาการของทารกในครรภ์,การเปลี่ยนแปลงทางด้านร่างกายและจิตใจระหว่างตั้งครรภ์,การวินิจฉัยการตั้งครรภ์ และการฝากครรภ์,การประเมินภาวะสุขภาพทารกในครรภ์,การพยาบาลในระยะตั้งครรภ์
650  7 ^aการพยาบาลสูติศาสตร์
650  7 ^aการตั้งครรภ์
945    ^p110^l0^i21121
945    ^p110^l0^i21122
945    ^p110^l0^i21123
945    ^p110^l0^i21124
945    ^p110^l0^i21125
945    ^p110^l0^i21126
945    ^p110^l0^i21127
945    ^p110^l0^i21128
945    ^p110^l0^i21129
945    ^p110^l0^i21130
999    ^aทศพร เกษรทอง
รายการนี้ยังไม่มีแท็ก
คุณยังไม่ได้ล็อกอิน คุณสามารถมีกิจกรรมร่วมกับเว็บไซต์ได้ แต่ต้องล็อกอินก่อน ::
  ล็อกอิน

รายการสื่อสารสนเทศ

ลำดับที่ ประเภท เลขเรียก/บาร์โค้ด สถานที่ สถานะ
1. Book การพยาบาล
Book การพยาบาล
สถานะ=หนังสือเก่า
WY157 ส827ก ฉ.1 
  Barcode: 21121
ห้องสมุดวิทยาเขตนครสวรรค์
►ส่วนจัดเก็บหนังสือเก่า นว.
บนชั้น
  ขอยืม
2. Book การพยาบาล
Book การพยาบาล
สถานะ=หนังสือเก่า
WY157 ส827ก ฉ.10 
  Barcode: 21130
ห้องสมุดวิทยาเขตนครสวรรค์
►ส่วนจัดเก็บหนังสือเก่า นว.
บนชั้น
  ขอยืม
3. Book การพยาบาล
Book การพยาบาล
สถานะ=หนังสือเก่า
WY157 ส827ก ฉ.2 
  Barcode: 21122
ห้องสมุดวิทยาเขตนครสวรรค์
►ส่วนจัดเก็บหนังสือเก่า นว.
บนชั้น
  ขอยืม
4. Book การพยาบาล
Book การพยาบาล
สถานะ=หนังสือเก่า
WY157 ส827ก ฉ.3 
  Barcode: 21123
ห้องสมุดวิทยาเขตนครสวรรค์
►ส่วนจัดเก็บหนังสือเก่า นว.
บนชั้น
  ขอยืม
5. Book การพยาบาล
Book การพยาบาล
สถานะ=หนังสือเก่า
WY157 ส827ก ฉ.4 
  Barcode: 21124
ห้องสมุดวิทยาเขตนครสวรรค์
►ส่วนจัดเก็บหนังสือเก่า นว.
บนชั้น
  ขอยืม
6. Book การพยาบาล
Book การพยาบาล
สถานะ=หนังสือเก่า
WY157 ส827ก ฉ.5 
  Barcode: 21125
ห้องสมุดวิทยาเขตนครสวรรค์
►ส่วนจัดเก็บหนังสือเก่า นว.
บนชั้น
  ขอยืม
7. Book การพยาบาล
Book การพยาบาล
สถานะ=หนังสือเก่า
WY157 ส827ก ฉ.6 
  Barcode: 21126
ห้องสมุดวิทยาเขตนครสวรรค์
►ส่วนจัดเก็บหนังสือเก่า นว.
บนชั้น
  ขอยืม
8. Book การพยาบาล
Book การพยาบาล
สถานะ=หนังสือเก่า
WY157 ส827ก ฉ.7 
  Barcode: 21127
ห้องสมุดวิทยาเขตนครสวรรค์
►ส่วนจัดเก็บหนังสือเก่า นว.
บนชั้น
  ขอยืม
9. Book การพยาบาล
Book การพยาบาล
สถานะ=หนังสือเก่า
WY157 ส827ก ฉ.8 
  Barcode: 21128
ห้องสมุดวิทยาเขตนครสวรรค์
►ส่วนจัดเก็บหนังสือเก่า นว.
บนชั้น
  ขอยืม
10. Book การพยาบาล
Book การพยาบาล
สถานะ=หนังสือเก่า
WY157 ส827ก ฉ.9 
  Barcode: 21129
ห้องสมุดวิทยาเขตนครสวรรค์
►ส่วนจัดเก็บหนังสือเก่า นว.
บนชั้น
  ขอยืม

รายการใกล้เคียง
    ผู้แต่ง [สุพร แก้วศิริวรรณ]

    หัวเรื่อง [การพยาบาลสูติศาสตร์]
    หัวเรื่อง [การตั้งครรภ์]

BibComment


ยังไม่เคยถูกคอมเมนท์

คอมเมนท์ทรัพยากรรายการนี้
  คอมเมนท์: การพยาบาลในระยะต..


 Copyright 2026. Bcnsprnw @Library